<?xml version="1.0" encoding="UTF-8"?>
<record
    xmlns:xsi="http://www.w3.org/2001/XMLSchema-instance"
    xsi:schemaLocation="http://www.loc.gov/MARC21/slim http://www.loc.gov/standards/marcxml/schema/MARC21slim.xsd"
    xmlns="http://www.loc.gov/MARC21/slim">

  <leader>00534nam a22001817a 4500</leader>
  <datafield tag="999" ind1=" " ind2=" ">
    <subfield code="c">47644</subfield>
    <subfield code="d">47644</subfield>
  </datafield>
  <controlfield tag="005">20220708154551.0</controlfield>
  <datafield tag="020" ind1=" " ind2=" ">
    <subfield code="a">07554-4034-X</subfield>
  </datafield>
  <datafield tag="020" ind1=" " ind2=" ">
    <subfield code="a">9780755440344</subfield>
  </datafield>
  <datafield tag="035" ind1=" " ind2=" ">
    <subfield code="a">B-147915,B-147920</subfield>
  </datafield>
  <datafield tag="082" ind1=" " ind2=" ">
    <subfield code="a">S-BLY</subfield>
  </datafield>
  <datafield tag="100" ind1=" " ind2=" ">
    <subfield code="a">Blyton, Enid</subfield>
  </datafield>
  <datafield tag="245" ind1=" " ind2=" ">
    <subfield code="a">Magical stories /</subfield>
    <subfield code="c">by Enid Byton ; illustrated by Pam Storey</subfield>
  </datafield>
  <datafield tag="260" ind1=" " ind2=" ">
    <subfield code="a">Noida</subfield>
    <subfield code="b">Grandreams</subfield>
    <subfield code="c">2004</subfield>
  </datafield>
  <datafield tag="300" ind1=" " ind2=" ">
    <subfield code="a">V.3 (55p.)</subfield>
    <subfield code="b">22cm. (pbk)</subfield>
    <subfield code="c">illu.</subfield>
  </datafield>
  <datafield tag="500" ind1=" " ind2=" ">
    <subfield code="a">This edition published in 2004 by Aureole Publishing</subfield>
  </datafield>
  <datafield tag="700" ind1=" " ind2=" ">
    <subfield code="a">Storey, Pam</subfield>
    <subfield code="9">21387</subfield>
  </datafield>
  <datafield tag="942" ind1=" " ind2=" ">
    <subfield code="2">ddc</subfield>
    <subfield code="c">CH</subfield>
    <subfield code="h">S-BLY</subfield>
  </datafield>
  <datafield tag="952" ind1=" " ind2=" ">
    <subfield code="0">0</subfield>
    <subfield code="1">0</subfield>
    <subfield code="4">0</subfield>
    <subfield code="7">1</subfield>
    <subfield code="8">FIC</subfield>
    <subfield code="a">BL1</subfield>
    <subfield code="b">BL1</subfield>
    <subfield code="d">2010-09-24</subfield>
    <subfield code="l">0</subfield>
    <subfield code="o">S-BLY BLY</subfield>
    <subfield code="p">B-147915</subfield>
    <subfield code="r">2010-09-24 00:00:00</subfield>
    <subfield code="t">1</subfield>
    <subfield code="y">CH</subfield>
  </datafield>
  <datafield tag="952" ind1=" " ind2=" ">
    <subfield code="0">0</subfield>
    <subfield code="1">0</subfield>
    <subfield code="4">0</subfield>
    <subfield code="7">0</subfield>
    <subfield code="8">NFIC</subfield>
    <subfield code="a">ZLS</subfield>
    <subfield code="b">ZLS</subfield>
    <subfield code="d">2019-05-09</subfield>
    <subfield code="l">0</subfield>
    <subfield code="o">S-BLY</subfield>
    <subfield code="p">B-147925</subfield>
    <subfield code="r">2019-05-09 00:00:00</subfield>
    <subfield code="w">2019-05-09</subfield>
    <subfield code="y">CH</subfield>
  </datafield>
  <datafield tag="952" ind1=" " ind2=" ">
    <subfield code="0">0</subfield>
    <subfield code="1">0</subfield>
    <subfield code="4">0</subfield>
    <subfield code="7">0</subfield>
    <subfield code="8">FIC</subfield>
    <subfield code="a">DIZ</subfield>
    <subfield code="b">DIZ</subfield>
    <subfield code="d">2022-07-08</subfield>
    <subfield code="e">BPPD</subfield>
    <subfield code="l">1</subfield>
    <subfield code="o">S-BLY</subfield>
    <subfield code="p">B-147920</subfield>
    <subfield code="r">2022-07-21 00:00:00</subfield>
    <subfield code="s">2022-07-08</subfield>
    <subfield code="t">1</subfield>
    <subfield code="w">2022-07-08</subfield>
    <subfield code="y">CH</subfield>
  </datafield>
</record>
